000 00683nam a2200241 a 4500
001 000043790
003 DO-SdBNP
005 20180326155523.0
007 000043790
008 140430s19uu dr 000 0 spa d
040 _aBPMSU
_bspa
_cBPMSU
082 _aRD861.44
_bS587r
100 1 _aSilverio, Luis
245 1 0 _aReflejos de mil amores. /
_cLuis Silverio.
260 0 _a[Santo Domingo] :
_b[s.n.]
_c[19--].
300 _a69 p. ;
_c26 cm.
650 4 _aPOESÍA DOMINICANA
650 4 _aLITERATURA DOMINICANA
910 _aValidado. Control de calidad MFF
942 _2ddc
_cBK
945 _aRemanejado para BNPHU / 2017 VM
956 _aVMATEO
_b10
_c20150717
_lBPMSU
_h00151
999 _c7713
_d7713